| 000 | 00787nam a22002177a 4500 | ||
|---|---|---|---|
| 005 | 20210325175317.0 | ||
| 008 | s2541 th tha d | ||
| 020 | _a9748991784 | ||
| 041 | _atha | ||
| 050 | _aHM263 ว523ท 2541 | ||
| 100 | 0 | _aวิจิตร อาวะกุล | |
| 245 | 1 | 0 | _aเทคนิคการประชาสัมพันธ์ [2nd] |
| 246 | _aParallel title : Public relations technic & | ||
| 260 | 3 |
_aกรุงเทพฯ : _bจุฬาลงกรณ์มหาวิทยาลัย, _c2541 |
|
| 300 |
_a259 หน้า : _b ภาพประกอบ ; _c 21 ซม. |
||
| 650 | 0 | 4 | _aการประชาสัมพันธ์ |
| 850 | _aNALT | ||
| 942 |
_cGB _01 |
||
| 997 | _c000000000006400 | ||
| 998 | _aSOPAPORN | ||
| 999 |
_c6400 _d6400 |
||